00928 2200313 4500001002100000005001500021035002000036007000300056040001700059100002700076245009600103250002000199300003900219020002200258041000800280082001200288084001800300090002400318264004000342336002100382337003000403338002300433650001100456700004000467008004100507990002200548990002200570990002200592INLIS00000000000722020260603104945 a0010-0822000194ta aSBPUPADbind0 aDavid PalmaePengarang1 aMengatasi Kanker :byang harus anda tahu untuk mendapatkan perawatan terbaik /cDavid Palma a.-Ed.1, .-cet.1 axii,260 hlm. :billus. ;c16x23 cm a978-623-7239-62-80 aind a616.994 a616.994 DAV m a616.994 DAV m L18-1 a.--Yogyakarta :bAndi Offset,c2020 2rdacontentateks 2rdamediaatanpa perantara 2rdacarrieravolume 4aKanker aEditor,Th.Arie PrabawatiePengarang260603 0  a36.413/B/DPK/2022 a36.415/B/DPK/2022 a36.414/B/DPK/2022